00311nam a22000977a 4500008004100000082001500041100002300056245008400079260004100163300000900204230626b xxu||||| |||| 00| 0 eng d a332.6bKRA cStephen D. Krasner aDefending the National IntrestbRaw Materials investments and Us foreign Policy aUKbPrinceton university pressc1978 a404p